Normal view
MARC view
- Electronic instruments
Entry Topical Term
001 - CONTROL NUMBER
- control field: 35963
003 - CONTROL NUMBER IDENTIFIER
- control field: NUST
005 - DATE AND TIME OF LATEST TRANSACTION
- control field: 20210311155501.0
008 - FIXED-LENGTH DATA ELEMENTS
- fixed length control field: 210311|| aca||aabn | a|a d
040 ## - CATALOGING SOURCE
- Original cataloging agency: NUST
- Transcribing agency: NUST
150 ## - HEADING--TOPICAL TERM
- Topical term or geographic name entry element: Electronic instruments
670 ## - SOURCE DATA FOUND
- Source citation: Work cat.: (NUST)31621: Diefenderfer, A. James. 8954, Principles of electronic instrumentation /, c1994.
